LEADER 00721nam a2200205 i 4500 001 000000208779 003 CaOOAMICUS 005 20111128000000.0 008 111128n it u000 u ita u 013 $a187567 040 $aSeMil$bita 245 10$aVolume 2. 300 $a183 p. 490 0 $aStorici antichi e moderni 500 $aContiene : Appendici. 773 0 $aMonti, Gennaro Maria$tConfraternite Medievali dell'Alta e Media Italia.$dFirenze : La Nuova Italia, 1927.$w()25901 830 0$aStorici antichi e moderni.$0(OLS)http://semarc/title/7240 850 $aSeMil 852 $aSeMil$W1$xVenegono$y1$m3T IV 84$j159233$B159233$CSeMilBibl$Z2$F170294 $81 996 $6245$aVolume 2$9(OLS)http://semarc/title/11564 LEADER 00542nab a2200145 i 4500 001 000000311145 003 CaOOAMICUS 005 20180831173027.0 008 180831n xx uu u0 0und r 013 $a20234 040 $aSeMil$bita 100 1 $aNogara, Giuseppe.$0(OLS)http://semarc/name/13312 245 12$aI Magi a Betlemme e la strage degli Innocenti. (Studio critico-esegetico) 773 0 $t[Luglio-Dicembre].$g484-498$w()274038 996 $6245$aI Magi a Betlemme e la strage degli Innocenti. (Studio critico-esegetico)$9(OLS)http://semarc/title/385798